000 00306nam a22001337a 4500
008 170825b xxu||||| |||| 00| 0 eng d
020 _a9780534522186
041 _aeng
080 _23RD
_a070
100 _a39
101 _aMED
245 _aCOMMUNICATION BETWEEN CULTURES
_cSAMOVAR,L.A
942 _2udc
_cBK
999 _c25088
_d25088